Hydronefróza - súčasné možnosti liečby

Bibliographic Details
Main Authors: Lutter, Ivan, 1953- (Author), Fillo, Juraj (Author), Jurásek, Ľuboš (Author), Obšitník, Milan (Author), Drgon, Peter (Author)
Format: Article
Language:Slovak

MARC

LEADER 00000nab a2200000ua 4500
001 vtls010783538
003 SK-MaSNL
005 20260303102701.0
008 230121s1995 xo |||||||||||||||||slo|
035 |a (urnnbn)urn:nbn:sk:snk:ar-a032yq 
035 |a (uuid)e28e9e5f-bb7e-49cc-baa0-03c85a4f4da8 
035 |a urn:nbn:sk:snk-ab4pww 
040 |a SNKBUCL  |b slo  |c SNKBUCL  |e AACR2 
041 0 |a slo 
044 |a xo  |c SK 
100 1 |a Lutter, Ivan,  |d 1953-  |4 aut  |9 200330 
245 1 0 |a Hydronefróza - súčasné možnosti liečby  |c Ivan Lutter, Juraj Fillo, Ľuboš Jurásek, Milan Obšitník, Peter Drgon 
700 1 |a Fillo, Juraj  |4 aut  |9 12773 
700 1 |a Jurásek, Ľuboš  |4 aut  |9 993877 
700 1 |a Obšitník, Milan  |4 aut  |9 6215 
700 1 |a Drgon, Peter  |4 aut  |9 1116006 
773 0 |t Medicínsky monitor  |g Č. 6 (1995), s. 28-30 
954 |a odborná, vedecká literatúra pôvodná (slovenská)  |2 lita 
958 |a OND 
958 |a EUIPO 
958 |a article3 
999 |c 1844113  |d 1846043